All Mario Odyssey Enemies - Statistics

General Stats
  • This quiz has been taken 50 times
  • The average score is 29 of 64
Answer Stats
Enemy % Correct
Bowser
95%
2D Goomba
90%
Goomba
90%
Bullet Bill
77%
Topper
77%
Tropical Wiggler
74%
Big Chain Chomp
72%
Broode's Chain Chomp / Gold Chain Chomp
72%
Chain Chomp
72%
Rango
72%
Cheep Cheep
69%
Snow Cheep Cheep
69%
Fire Bro
67%
Hammer Bro / Pan Bro
67%
Harriet
64%
Paragoomba
62%
Spewart
62%
Uproot
62%
Sherm / Tank
59%
2D Hammer Bro
56%
2D Koopa Troopa
56%
Pokio
56%
T-Rex
56%
Madame Broode
54%
Gushen
51%
2D Fuzzy
49%
2D Spiny
49%
Big Poison Piranha Plant
49%
Fuzzy
49%
Poison Piranha Plant
49%
Spiny
49%
2D Lava Bubble
46%
Lava Bubble
46%
Fire Piranha Plant
44%
Mini Goomba
44%
Parabones
44%
Ty-Foo
44%
Klepto
41%
Komboo / Seaweed
41%
Coin Coffer
38%
Cookatiel
36%
Urban Stingby / Fly / Grub
36%
Chargin' Chuck
33%
Chincho / Mummy
33%
Lord of Lightning / Ruined Dragon
33%
Mecha Wiggler
33%
Blue Burbo
28%
Green Burbo
28%
Mecha Broodal / Robo-Broode
28%
Yellow Burbo
28%
Maw-Ray / Eel
26%
Torkdrift
26%
Bonzai Bill
23%
2D Donkey Kong
21%
Trapeetle
21%
Bitefrost
18%
Magmato
18%
Mollusque-Lanceur
18%
Astro-Lanceur / Moon Squid
15%
Stairface Ogre
15%
Yoofoe / UFO
13%
Moon Snake
10%
Knucelotec
0%
Red Burbo
0%
No matching quizzes found
Score Distribution
Percent of People with Each Score
Percentile by Number Answered
Your Score History
You have not taken this quiz